"Обозрение исторических сведений" о Своде законов

RUSMARC
00004489cbc2a2200000#x 450
001d3cad106-18ca-4d64-95a6-73a986cb6c96
00520211119110503.0
100##$a20131002l18331833k y0rusy0189 ca
1010#$arus
102##$aRU
251##$cДело
2250#$aФонд Бумаги М. М. Сперанского
$hОпись № 1, часть 1
461#0$100123e82967-913a-4648-a7df-fbc6a427c586
$12001
$aБумаги М. М. Сперанского
$1251
$cФонд
$1852
$j1251
801#0$aRU
$bРГИА
$c20131002
801#1$aRU
$bГлавНИВЦ
$c20131002
$2rusmarc
801#2$aRU
$bПБ им. Б.Н. Ельцина
$c20131009
$gRCR
$2rusmarc
850##$aФедеральное казенное учреждение "Российский государственный исторический архив"
852##$aРГИА
$j158 а)
937##$aASBIBLIO_SCAN
$bРГИА_1251:_1:часть 1_158:а
$d5508996
$hРГИА
2001#$a"Обозрение исторических сведений" о Своде законов
$j1833
215##$a155 листов
035##$ad3cad106-18ca-4d64-95a6-73a986cb6c96
1222#$ad1833######
300##$aРукописный текст. Черновик
300##$aАрхивный шифр: Ф. 1251. Оп. 1. Ч. 1. Д. 158 а)
462#0$100140c6c01b-d654-4f1d-b119-cafaaffcd37c
$12001
$a1803-1847 гг.
$vЧ. 1. Д. 158 а)
$1251
$cОпись
$1852
$j1
605##$2prlib_sh
$3LIBNET\UAF\0000098015
$aСвод законов Российской империи
$xИстория
$jАрхивные дела
605##$aМ. М. Сперанский
$2acquisition_Prlib
$3LIBNET\UAF\0000061531
$lколлекция
605##$2acquisition_Prlib
$3DITM\AF\0000002775
$aВласть
$lколлекция
686##$2rubbk
$a67.3(2)52
$vLBC/M
686##$2rubbk
$a63.3(2)521.2
$vLBC/M
Формат отображения